| 000 | 00872nam a22002297a 4500 | ||
|---|---|---|---|
| 005 | 20240530110523.0 | ||
| 008 | 160222s2012 ua adkog b 000 0 ara d | ||
| 017 |
_a2012/1433 _bمصر . دار الكتب المصرية |
||
| 020 | _a9789773504430 | ||
| 040 | _aEG-CaGPL | ||
| 082 | 0 | 4 |
_221 _a371.3358\ _bا ت |
| 100 | 0 | _aالسيد محمد شعلان | |
| 245 | 1 | 2 |
_aالتليفزيون التعليمى فى عصر الانفوميديا / _cاعداد السيد محمد شعلان |
| 250 | _aط1 | ||
| 260 |
_aالقاهرة : _bدار الكتاب الحديث ، _c2012 . |
||
| 300 |
_a550 ص : _bايض ؛ _c24 سم . |
||
| 504 | _aيشتمل على ارجاعات ببليوجرافية | ||
| 650 | 0 | 4 | _aالتليفزيون التعليمى |
| 650 | 0 | 4 |
_aالتعليم _xبرامج |
| 942 |
_2ddc _cBK |
||
| 999 |
_c61929 _d61929 |
||